Представление документа в формате MARC21

Поле Инд. ПП Название Значение
Тип записи a
Библиографический уровень a
001 Контрольный номер 51e079f16fe74e928f003df675fbca65
005 Дата корректировки 20220919090331.6
020 a ISBN 5-230-07805-7
040 a Служба первич. каталог. RU-RKP
b Код языка каталог. rus
e Правила каталог. PSBO
041 0_ a Код языка текста rus
097 b Оператор Komarova.ES
100 1_ a Автор Томашевская Л. Б.
245 10 a Заглавие К характеристике функционирования системы мероконсорций соцветий некоторых зонтичных растений в условиях Верхневолжья
260 a Место издания Тверь
b Издательство Тверской государственный университет
504 a Библиография Библиогр.: с. 95 (9 назв.)
520 0_ a Аннотация Статья посвящена характеристике функционирования системы мероконсорций соцветий некоторых зонтичных растений в условиях Верхневолжья.
653 0_ a Ключевые слова Растения
a Ключевые слова Труды Тверского государственного университета
a Ключевые слова Купырь лесной
a Ключевые слова Зоологический музей
a Ключевые слова Москва, город
a Ключевые слова Моллюски
700 12 a Другие авторы Михайлов К. Г.
773 18 w Контрольный № источника 63809cbf-2cfd-421f-b12c-9cde3edccf66
t Название источника Флора и растительность южной тайги
d Место и дата издания Тверь : Тверской государственный университет, 1991
g Прочая информация С. 90-95
901 t Тип документа a
920 a Оператор Кома
954 b Дата поступления в ОК 20220919